Ensayos de política económica y cafetera / (Registro nro. 8804)
[ vista simple ]
| 000 -LEADER | |
|---|---|
| fixed length control field | 02201nam a2200217Ia 4500 |
| 003 - CONTROL NUMBER IDENTIFIER | |
| control field | OSt |
| 005 - DATE AND TIME OF LATEST TRANSACTION | |
| control field | 20211118143422.0 |
| 008 - FIXED-LENGTH DATA ELEMENTS--GENERAL INFORMATION | |
| fixed length control field | 210310s1990 ck ad fr 000 0 spa d |
| 040 ## - CATALOGING SOURCE | |
| Original cataloging agency | CO-JMCR |
| Transcribing agency | CO-JMCR |
| 041 0# - LANGUAGE CODE | |
| Language code of text/sound track or separate title | spa |
| 082 04 - DEWEY DECIMAL CLASSIFICATION NUMBER | |
| Classification number | 330.9861 / |
| Item number | R436e |
| Edition number | 23 |
| 100 1# - MAIN ENTRY--PERSONAL NAME | |
| Personal name | Restrepo Salazar, Juan Camilo, |
| 9 (RLIN) | 15400 |
| Relator term | autor |
| 245 10 - TITLE STATEMENT | |
| Title | Ensayos de política económica y cafetera / |
| Statement of responsibility, etc. | Juan Camilo Restrepo Salazar |
| 260 ## - PUBLICATION, DISTRIBUTION, ETC. | |
| Place of publication, distribution, etc. | Bogotá : |
| Name of publisher, distributor, etc. | [s. n.], |
| Date of publication, distribution, etc. | 1990 |
| 300 ## - PHYSICAL DESCRIPTION | |
| Extent | 296 páginas : |
| Other physical details | ilustraciones y gráficas a blanco y negro ; |
| Dimensions | 24 cm. |
| 500 ## - GENERAL NOTE | |
| General note | Incluye notas a pie de página. |
| 505 0# - FORMATTED CONTENTS NOTE | |
| Formatted contents note | Tema cafetero -- El pacto internacional del café -- Síntesis de los comentarios al documento de Anif "Bonanza Cafetera" Cómo administrar la abundancia con imaginación -- Comercio internacional del café -- Políticas de comercialización externa e interna del café -- Régimen de cambios, reintegro, retención y mercado de futuros de café -- El futuro del mercado cafetero con los países de la cuenca del Pacífico -- Informe de la visita a Europa Central -- Coyuntura cafetera y perspectivas -- La trasferencia para el sostenimiento del precio interno del café: un caso interesante de impuesto negativo -- El café en la economía -- La industria cafetera en Colombia: situación actual y perspectiva -- Temas económicos -- Esteban Jaramillo; forjador de las finanzas públicas colombianas -- La política monetaria de la Regeneración -- Reformas al estatuto cambiario -- Los fondos mutuos de empleados: el gran instrumento para la transformación social y para la capitalización empresarial -- El nuevo estatuto orgánico del presupuesto: retos y riesgos -- El Fondo de Garantías. Una respuesta a las críticas del manejo del sector financiero durante la administración Betancur -- El tamaño relativo del Estado y la eficiencia del gasto público -- Aspectos jurídicos de la depreciación monetaria -- <br/>La jurisprudencia de la Corte en materia monetaria durante la década del treinta -- Aspectos económicos del temario propuesto para la Asamblea Constitucional |
| 650 14 - SUBJECT ADDED ENTRY--TOPICAL TERM | |
| Topical term or geographic name entry element | Café |
| 9 (RLIN) | 18336 |
| General subdivision | Comercio |
| Geographic subdivision | Colombia |
| 651 #4 - SUBJECT ADDED ENTRY--GEOGRAPHIC NAME | |
| Geographic name | Colombia |
| General subdivision | Política económica |
| 9 (RLIN) | 41604 |
| 942 ## - ADDED ENTRY ELEMENTS (KOHA) | |
| Source of classification or shelving scheme | Dewey Decimal Classification |
| Koha item type | Books |
| Withdrawn status | Lost status | Source of classification or shelving scheme | Damaged status | Not for loan | Collection code | Home library | Current library | Date acquired | Source of acquisition | Total Checkouts | Full call number | Barcode | Date last seen | Date last checked out | Copy number | Koha item type |
|---|---|---|---|---|---|---|---|---|---|---|---|---|---|---|---|---|
| Dewey Decimal Classification | Non-fiction | Biblioteca Pública José María del Castillo y Rada | Biblioteca Pública José María del Castillo y Rada | 04/15/2018 | Donación | 1 | 330.9861 / R436e | 430004979 | 05/13/2025 | 05/12/2025 | Ej.1 | Books |